000 00539nam a2200193 a 4500
005 20240803063750.0
008 081126s1992 mx r 000 0 spa d
020 _a8426105319
035 _aUPN01000168213
049 _aCG
050 4 _aPQ6621 I3.3
_bH3.9 1992
100 1 _aLinares, Luisa-María
_933335
245 1 0 _aHay otros hombres :
_b(siete novelas cortas) /
_cLuisa-María Linares.
250 _a5a ed.
260 _aBarcelona :
_bJuventud,
_c1992.
300 _a189 p.
650 4 _aNovela española
_910814
905 _aLibro
999 _c140320
_d140320